Statistiche per Capitali dell'America Meridionale

Clicka qui per fare il quiz!

Statistiche generali

  • Questo quiz è stato fatto 1.913 volte
  • Il punteggio medio è 9 su 15

Statistiche sulle risposte

HintRisposta% Corretto
BrasileBrasilia
97%
ArgentinaBuenos Aires
97%
CileSantiago
88%
ColombiaBogotá
85%
PerùLima
83%
VenezuelaCaracas
77%
BoliviaSucre/La paz
77%
UruguayMontevideo
76%
EcuadorQuito
75%
ParaguayAsunción
56%
GuyanaGeorgetown
42%
SurinameParamaribo
39%
Guyana FranceseCayenne
23%
Isole FalklandPort Stanley
14%
Georgia del SudGrytviken
8%

Distribuzione punteggi

Percentile per numero di risposta

Percentuale di utenti per punteggio

I tuoi punteggi nel tempo

Non hai fatto questo quiz